000 01131nam a22002537a 4500
005 20100807124834.0
010 _aHIN-90052
020 _c450.00
_a9788188579280
035 _aHN-62398
037 _bDBAD / PUB
082 _a821.08
100 _aशर्मा, राजरानी
_98449
245 _aदेव का अलंकार विधान /
_cराजरानी शर्मा
246 _aDev Ka Alankar Vidhan
_bby Rajrani Sharma
260 _aदिल्ली
_bहस्ताक्षर प्रकाशन
_c2009
270 _a7/1, ब्लॉक-ए, प्रेम विहार, करावल नगर
_bदिल्ली
_e110094
300 _a320पृ
_c22सेमी (सजिल्द)
500 _aसंदर्भ-ग्रन्थ-सूची
700 _97228
700 _97267
700 _97698
942 _adpl
_cHN
_k
_2ddc
_mशर्मारा
_h821.08
999 _c40040
_d40040